000 00820nam a2200241Ia 4500
001 dia_4108
003 CHAP
005 20251014154140.0
008 220601s9999 xx 000 0 und d
040 _amxchpua
_erda
090 _aFOLLETO 2439
100 _aManjarrez R., Juan
_9175995
245 _aFertilización de arroz con amoniaco anhidro en Sinaloa / Juan Manajarrez R.
260 _aMéxico :INIFAP, Campo Experimental Valle de Culiacán
300 _a20 p.
500 _aS/c (Folleto para productores, 26)
650 _a1. Arroz-Fertilización2. Arroz-Sinaloa
_9175996
700 _aInstituto Nacional de Investigaciones Forestales y AgropecuariasÌ
_9175997
901 _aFOLLETO 2439
902 _aM
905 _a0000001987 mx A 0000000000spa00
942 _cFOLL
_2local
999 _c209460
_d209460